| 000 | 01181nam a22001937a 4500 | ||
|---|---|---|---|
| 005 | 20230415123622.0 | ||
| 008 | 220627b ||||| |||| 00| 0 eng d | ||
| 020 | _a978188521*541 | ||
| 050 | _aKF2750.C73 | ||
| 245 |
_aCommunication and the law. / _cW. Wat Hopkins, Editor |
||
| 250 | _a2016 edition | ||
| 260 |
_aNorth Port, Alabama : _bVision Press, _c2016. |
||
| 300 |
_avi, 425 p. : _bill. ; _c24 cm. |
||
| 500 | _aInclude index. | ||
| 505 | _aContents : The law in modern society -- The first amendment in theory and practice -- Conduct and speech -- Prior restraint -- Regulating pornography -- Defamation -- Regulating student expression -- Regulating advertising -- Regulating public relations -- Broadcast regulation -- Regulating cable communication -- New communication technologies -- Intellectual property -- Privacy rights in an open and changing society -- Confidential sources and information -- Access to courts -- Access to public documents and meetings -- Newsgathering -- The Constitution of the United States of America -- The Bill of rights -- | ||
| 650 |
_aCommunication _xLaw _91193 |
||
| 710 |
_aCommunication Law Writers Group _91194 |
||
| 942 |
_2lcc _cBK |
||
| 999 |
_c9505 _d17005 |
||